000 00646nam a2200205Ia 4500
003 GCL
008 140319s9999 xx 000 0 ara d
040 _aGCL /
_cGCL
082 0 4 _a810.9
_bس م
100 1 _aسليمان العطار
245 1 0 _aمقدمة منهجية لدراسة تاريخ الادب العربى /
_cسليمان العطار
260 _a[S.N] :
_bدار الثقافة للنشر والتوزيع ،
_c1991
300 _a89 ص
490 _a
650 0 4 _aالشعر العربى
650 0 4 _aالادب العربى
650 0 4 _aارتجال الخطب
650 0 4 _aتاريخ ونقد
942 _2ddc
_cBK
999 _c30465
_d30465